I'm Always Seeing You (Do Cool Stuff) - Taskmaster - Statistics

General Stats
  • This quiz has been taken 25 times
  • The average score is 160 of 185
Answer Stats
Answer % Correct
a
100%
but
100%
But
100%
I
100%
I'm
100%
It
100%
it
100%
you
100%
You
100%
always
95%
at
95%
cool
95%
do
95%
enough
95%
from
95%
good
95%
Good
95%
never
95%
seeing
95%
(seeing
95%
stuff
95%
stuff)
95%
the
95%
best
90%
is
90%
it's
90%
look
90%
my
90%
saw
90%
that
90%
try
90%
hey
85%
Japanese
85%
on
85%
poem
85%
so
85%
translate
85%
tree
85%
with
85%
Alan
80%
athletics
80%
attention
80%
Hangover
80%
in
80%
jump
80%
long
80%
of
80%
pathetic
80%
span
80%
Three
80%
watch
80%
wrath
80%
did
75%
DVD
75%
ease
75%
just
75%
looked
75%
Part
75%
to
75%
And
70%
and
70%
fear
70%
One
70%
sport
70%
tricky
70%
was
70%
busy
65%
coward
65%
Mozart
65%
Oh
65%
yeah
65%
away
60%
beans
60%
come
60%
judging
60%
live
60%
miles
60%
symphony
60%
toast
60%
Balham
55%
listening
55%
serve
55%
want
55%
fantasy
50%
more
50%
nothing
50%
time
50%
boast
45%
cause
45%
felt
45%
Southport
45%
low
40%
No matching quizzes found
Score Distribution
Percent of People with Each Score
Percentile by Number Answered
Your Score History
You have not taken this quiz